000 00908nam a22002777a 4500
001 7636
003 FISKH
005 20250729095816.0
008 250729b cb ||||| |||| 00| 0 eng d
020 _a9781602141049
040 _aFISKH
_beng
_cFISKH
_dFISKH
082 _a595.7
100 _aPlayBac
245 _aIncredible insects ! :
_bEye-opening photos of amazing bugs /
_cBy PlayBac
250 _aFirst Printing, October 2009
260 _aNew York :
_bPlay Bac Publishing,
_c2009.
300 _a96 pages :
_bcolor illustrations ;
_c26 cm .
505 _aR
520 _aPresents photographs of some of the most visually striking insects of the world along with facts about each one.
521 8 _a750
_bLexile estimate
521 8 _aR
_bRaz-Plus
650 _aInsects
_vJuvenile Fiction
650 _aPhotographs
_vJuvenile Fiction
942 _2ddc
_cBK
_n0
999 _c7636
_d7636